Pragmatismo y política
Na minha lista:
| Autor principal: | |
|---|---|
| Formato: | Livro |
| Idioma: | espanhol |
| Publicado em: |
Barcelona
Paidós
1998
|
| coleção: | Colección Pensamiento Contemporáneo, 55
|
| Assuntos: | |
| Tags: |
Adicionar Tag
Sem tags, seja o primeiro a adicionar uma tag!
|
MARC
| LEADER | 00000nam a2200000 a 4500 | ||
|---|---|---|---|
| 001 | UCP6008 | ||
| 003 | CL-VaPUC | ||
| 008 | 991008e19980000SP |||||||||||||||||spa|d | ||
| 020 | |a 8449305608 | ||
| 082 | 0 | 4 | |a 320.01 |b ROR |2 21 |
| 100 | 0 | |a Rorty, Richard |e author |9 434763 | |
| 245 | 1 | 0 | |a Pragmatismo y política |
| 300 | |a 124 p | ||
| 942 | |c BK | ||
| 945 | |d 19991008 00:00:00 |a rbrito | ||
| 260 | |a Barcelona |b Paidós |c 1998 | ||
| 650 | 7 | |a FILOSOFIA POLITICA |2 CL-VaPUC |9 434764 | |
| 650 | 0 | |a Pragmatismo |9 316729 | |
| 650 | 0 | |a Racionalismo |9 259116 | |
| 650 | 0 | |a Socialismo |9 255260 | |
| 583 | |a last modification |c 20121001 12:53:51 |k Rodrigo Vera | ||
| 490 | 0 | |a Colección Pensamiento Contemporáneo, 55 | |
| 999 | |c 283642 |d 283640 | ||
| 952 | |0 0 |1 0 |4 0 |6 320_010000000000000_ROR_1998 |7 0 |8 A |9 326939 |a BIBEDU |b BIBEDU |d 2019-11-20 |i 3564258 |o 320.01 ROR 1998 |p 3564258 |r 2019-11-20 |w 2019-11-20 |y BK |k PSI | ||
| 952 | |0 0 |1 0 |4 0 |6 320_010000000000000_ROR_1998 |7 0 |8 A |9 326940 |a BIBGIM |b BIBGIM |d 2019-11-20 |i 3978397 |o 320.01 ROR 1998 |p 3978397 |r 2025-01-15 |w 2019-11-20 |y BK |k SSL | ||